|
|
|
|
| LEADER |
00000nam a2200000 a 4500 |
| 001 |
vtls001393489 |
| 003 |
SK-MaSNL |
| 005 |
20260301011755.0 |
| 008 |
251124s1923 xr a ra 0 cze |
| 035 |
|
|
|a SNK000347800
|
| 040 |
|
|
|a SNK
|b slo
|c SNK
|e AACR2
|
| 044 |
|
|
|a xr
|c CZ
|
| 080 |
|
|
|a 82(4)-93(082.2)=850
|2 1981
|
| 080 |
|
|
|a 82(4)-34(082.2)=850
|2 1981
|
| 080 |
|
|
|a 398.2(4)(082.2)
|2 1981
|
| 245 |
1 |
|
|a Pohádkové perly
|b nejkrásnější pohádky různých národů
|c sestavil Aug. Jar. Doležal ; obrazy Gustava Doré
|
| 260 |
|
|
|a V Praze
|b Ladislav Šotek
|c 1923
|e V Praze
|f Horký a spol.
|
| 300 |
|
|
|a 43 s., [24] čiast. fareb. reprod. príl.
|c 27 cm
|
| 500 |
|
|
|a S. 125-126 poškodené
|
| 650 |
0 |
7 |
|a rozprávky ľudové
|x výbery
|2 SNK
|9 295719
|
| 700 |
1 |
|
|a Doležal, Augustín Jar.
|4 zos
|9 295720
|
| 700 |
1 |
|
|a Doré, Gustave,
|d 1832-1883
|4 ilu
|9 103752
|
| 999 |
|
|
|c 551852
|d 553782
|
| 952 |
|
|
|t P60, <04>, [BOOK], {604}
|a SNK
|b SNK
|y VYP
|7 0
|p 17A0246984
|o snkIB 70137
|i snkD 536/2000
|0 0
|1 0
|4 0
|d 2000-07-28
|l 0
|r 2005-01-02 00:00:00
|w 2026-02-23
|